Evolución de la política ambiental: su incidencia en la PAC
Documento recuperado de una capacitación realizada en el XII Curso Internacional de especialización en extensión y desarrollo rural realizada en España en el 2001, este documento consta de una reflexión sobre la política ambiental y sus incidencias en esa región. /WMV
Guardat en:
| Autor principal: | |
|---|---|
| Format: | Text |
| Publicat: |
Madrid:
M.A.P.A.
|
| Matèries: | |
| Etiquetes: |
Afegir etiqueta
Sense etiquetes, Sigues el primer a etiquetar aquest registre!
|
MARC
| LEADER | 00000 a a2200000 04500 | ||
|---|---|---|---|
| 001 | 26524 | ||
| 003 | |||
| 040 | |||
| 090 | |a 148800 | ||
| 100 | |a Estirado Gómez, Fernando | ||
| 245 | |a Evolución de la política ambiental: su incidencia en la PAC | ||
| 260 | |a Madrid: |b M.A.P.A. | ||
| 300 | |a 24 P. | ||
| 520 | |a Documento recuperado de una capacitación realizada en el XII Curso Internacional de especialización en extensión y desarrollo rural realizada en España en el 2001, este documento consta de una reflexión sobre la política ambiental y sus incidencias en esa región. /WMV | ||
| 650 | |a MEDIO AMBIENTE | ||
| 650 | |a POLITICA AMBIENTAL | ||
| 650 | |a POLITICA GUBERNAMENTAL | ||
| 650 | |a INTERVENCION DEL ESTADO | ||
| 650 | |a LEGISLACION AMBIENTAL | ||
| 650 | |a INDICADORES AMBIENTALES | ||
| 999 | |c 1919 |d 1919 | ||
